| 000 | 00724nam a22002417a 4500 | ||
|---|---|---|---|
| 001 | 88 | ||
| 003 | BD-RjUL | ||
| 005 | 20211208233117.0 | ||
| 008 | 131116s1969 -usdo||| |||| 001 0 eng d | ||
| 035 |
_a(BD-RjUL)97 _a(OCLC)332041 |
||
| 040 |
_aBD-RjUL _beng _cBD-RjUL |
||
| 041 | _aeng | ||
| 082 | 0 | 4 |
_219 _a613 _bCAM 1969 |
| 100 | 1 |
_aCarroll, Herbert A. _9300 |
|
| 245 | 1 | 0 |
_aMental hygiene : _bthe dynamics of adjustment / _cHerbert A. Carroll. |
| 250 | _a5th ed. | ||
| 260 |
_aEnglewood Cliffs, N.J. : _bPrentice-Hall, _cc1969. |
||
| 300 |
_axii, 436 p. : _bills. ; _c25 cm. |
||
| 504 | _aIncludes bibliographical references (425-430) and indexes. | ||
| 526 | _bPsychology. | ||
| 650 | 0 |
_aMental health. _9301 |
|
| 942 |
_2ddc _cBK |
||
| 999 |
_c88 _d88 |
||